10 anys de suport als serveis municipals d'informació juvenil
Descripción Física:
21 p. : il. ; 21 cm
Materias:
Joves -- Serveis d'informació
MARC
| LEADER | 00000nam a2200000Ia 4500 | ||
|---|---|---|---|
| 001 | 12248 | ||
| 008 | 160829s1998 xx 000 0 cat d | ||
| 080 | |a FU-13-44 | ||
| 245 | |a 10 anys de suport als serveis municipals d'informació juvenil | ||
| 260 | |a Barcelona : |b Diputació de Barcelona, Àrea de Cultura, Oficina del Pla Jove, |c 1998 | ||
| 300 | |a 21 p. : |b il. ; |c 21 cm | ||
| 650 | |a Joves |x Serveis d'informació |9 26783 | ||
| 710 | 1 | |a Barcelona (Catalunya : Província). |b Oficina del Pla Jove |9 52707 | |
| 901 | |a Arxiu | ||
| 942 | |n 1 | ||
| 952 | |0 0 |1 0 |4 0 |6 FU1344 |7 1 |9 44655 |a Arxiu |b Arxiu |d 2016-12-01 |l 0 |o FU-13-44 |p 12248 |r 2016-12-01 00:00:00 |w 2016-12-01 |y ARXIU | ||
| 999 | |c 47236 |d 47236 | ||